Acción y doctrina. Contiene carta orgánica del Partido Democrático. En sus páginas: Explicación inicial, declaración de principios, programa político y social, Estatutos y Reglamento general, Reformas de convenciones, grabados de diversos líderes y reglamento de sala

Enregistré dans:
Détails bibliographiques
Auteur principal: Soto, Serafín (Auteur)
Format: Livre
Langue:espagnol
Publié: Santiago Talleres gráficos Pinet Hnos., Gran Avenida 6087 1952
Édition:1a. ed
Sujets:
Tags: Ajouter un tag
Pas de tags, Soyez le premier à ajouter un tag!

MARC

LEADER 00000nam a2200000 a 4500
001 UCJ4738
003 CL-VaPUC
008 070124e19520000CL |||||||||||||||||spa|d
082 0 4 |a 983  |b SOT  |2 21 
100 0 |a Soto, Serafín  |e author  |9 508953 
245 1 0 |a Acción y doctrina. Contiene carta orgánica del Partido Democrático. En sus páginas: Explicación inicial, declaración de principios, programa político y social, Estatutos y Reglamento general, Reformas de convenciones, grabados de diversos líderes y reglamento de sala 
250 |a 1a. ed 
300 |a 83 p 
942 |c BK 
945 |d 20070124 00:00:00  |a rinostro 
260 |a Santiago  |b Talleres gráficos Pinet Hnos., Gran Avenida 6087  |c 1952 
500 |a Cubierta anterio, fotografía de Don Malaquías Concha 
600 0 7 |a CONCHA, MALAQUIAS  |2 CL-VaPUC  |9 508954 
600 0 7 |a OYARZUN, ANGEL CUSTODIO  |2 CL-VaPUC  |9 508955 
600 0 7 |a MELIVILU, FRANCISCO  |2 CL-VaPUC  |9 508956 
600 0 7 |a ARREGUI DE RODICIO, CELINDA  |2 CL-VaPUC  |9 508957 
600 0 7 |a CONCHA ROMERO, NEMESIO  |2 CL-VaPUC  |9 508958 
650 0 |a Partidos políticos  |9 254999 
650 0 |a Iconografía   |9 267998 
650 7 |a DOCUMENTOS  |2 CL-VaPUC  |9 366450 
583 |a last modification  |c 20070124 00:00:00  |k Rodrigo Vera 
999 |c 320853  |d 320851 
952 |0 0  |1 0  |4 0  |6 983_000000000000000_SOT_1952  |7 0  |8 X  |9 399463  |a FDOBUD  |b FDOBUD  |d 2019-11-22  |i 1025252  |o 983 SOT 1952  |p 1025252  |r 2019-11-22  |w 2019-11-22  |y BK_X  |k BUD